000 00480nam a2200181Ia 4500
001 17813
005 20260306171545.0
008 260306s9999||||xx |||||||||||||| ||und||
041 _aESP
082 _a658.3
_bA36
100 _aAlbizu Gallastegi, Eneka (Coord.)
_eAUT
245 0 _aDirección estratégica de los recursos humanos:
_bteoría y práctica
260 _c2011
300 _a574 páginas :
_c24 cm.
650 _aGEN
654 _aCAN
942 _cLIB
_dJUS
_fJUS
_2ddc
_n
999 _c17813
_d17813